00457cam a2200169ua 45000010005000000080039000050400009000440410008000530820014000611000033000752450070001082500012001782600045001903000010002356530018002456530024002636945190228n ii |||gr||||Z||||||asm cMAIN aasm a305.89145 aBorah, Lohit Kumar,eAuthor. aAsomor chah janagosthir samaj aru sanskriticby Lohit Kumar Borah a2nd ed. aDibrugarh:bKaustubh publication,c2008. a188p. aSocial groups aTea tribes of Assam